000 00783nam a2200253Ia 4500
003 OSt
005 20260117093824.0
008 210716s2013 xx 000 0 und d
020 _a9788131709283
040 _cAIMIT LIBRARY
041 _aeng
082 _a651.7
_bGERS
100 _aGerson, Sharon J.
_9251558
245 _aTechnical writing:
_bprocess and product /
_cBy Sharon J. Gerson and Gerson, Steven M.
250 _a5th ed.
260 _aNew Delhi :
_bPearson Education ,
_c2013.
300 _axxiv,680 p.;
_bPB
_c29 cm.
650 _aVisual appeal
_9251559
650 _aTechnical applications
_9251560
650 _aElectronic communication
_9251561
650 _aCorrespondence
_9251562
700 _aGerson, Steven M.
_9251563
942 _2ddc
_cBK
_e5
_k651.7 GERS
999 _c193729
_d193729